[Event "Finik op"]
[Site "Finik"]
[Date "2017.06.10"]
[Round "1"]
[White "Ozmen, Halil Nejat"]
[Black "Filiz, Ulku Nehir"]
[Result "1-0"]
[WhiteElo "1822"]
[BlackElo "1059"]
[PlyCount "85"]
[EventDate "2017.06.10"]
[EventType "swiss"]
[EventRounds "7"]
[EventCountry "TUR"]
[SourceTitle "EXT 2018"]
[Source "ChessBase"]
[SourceDate "2017.10.13"]
[SourceVersion "1"]
[SourceVersionDate "2017.10.13"]
[SourceQuality "1"]

1. d4 d5 2. c4 Nf6 3. cxd5 Nxd5 4. e4 Nb6 5. Nc3 e6 6. Nf3 N8d7 7. Bd3 Nf6 8. 0-0 Be7 9. b3 0-0 10. Bb2 c5 11. dxc5 Bxc5 12. Qe2 Qe7 13. a4 Rd8 14. a5 Nbd7 15. e5 Nd5 16. Qe4 g6 17. Nxd5 exd5 18. Qxd5 Nf6 19. exf6 Rxd5 20. fxe7 Bxe7 21. Bc4 Rd8 22. Ne5 Be6 23. Bxe6 fxe6 24. Rfd1 Rac8 25. Bd4 a6 26. Bb6 Rd5 27. Rxd5 exd5 28. g3 Bf6 29. f4 Re8 30. Bd4 Re6 31. Rd1 Rd6 32. Rc1 Bd8 33. Rc8 h5 34. Bb6 Kg7 35. Bxd8 Rxd8 36. Rxd8 Kf6 37. Rxd5 Ke6 38. Rd7 Kf5 39. Kf2 Ke4 40. Nxg6 Kf5 41. Nh4+ Kg4 42. Kg2 b6 43. h3# 1-0